000 00578nam a2200205 a 4500
001 BRCA_7399
005 20190320205825.0
008 220313s1943----u--a######---#000-0#eng-#
041 _aeng
044 _au
050 4 _aHD7262
_b.F67 1943
245 1 0 _aForemanship and accident prevention in industry.
260 _aBoston
_bAmerican Mutual Liability Insurance Co., Engineering Dept.
_cc1943
300 _a94 p.
_bil.
500 _aQ119
650 1 4 _aIndustrias
_xMedidas de seguridad
_918257
650 1 4 _aAccidentes
_xPrevención
_918258
902 _aGFM
942 _2lcc
_cB
999 _c7075
_d7075